Introduction to geography / Arthur Getis ... [et al.]. (Record no. 66)

000 -LEADER
fixed length control field 01236cam a2200313 a 4500
003 - CONTROL NUMBER IDENTIFIER
control field OSt
005 - DATE AND TIME OF LATEST TRANSACTION
control field 20210614091250.0
008 - FIXED-LENGTH DATA ELEMENTS--GENERAL INFORMATION
fixed length control field 040625s2006 mauab b 001 0 eng
020 ## - INTERNATIONAL STANDARD BOOK NUMBER
International Standard Book Number 0072826851 (hard copy : alk. paper)
040 ## - CATALOGING SOURCE
Transcribing agency DLC
050 00 - LIBRARY OF CONGRESS CALL NUMBER
Classification number G128
Item number .G495 2009
245 00 - TITLE STATEMENT
Title Introduction to geography / Arthur Getis ... [et al.].
250 ## - EDITION STATEMENT
Edition statement 10th ed.
260 ## - PUBLICATION, DISTRIBUTION, ETC.
Place of publication, distribution, etc. Boston :
Name of publisher, distributor, etc. McGraw-Hill Higher Education,
Date of publication, distribution, etc. c2006.
300 ## - PHYSICAL DESCRIPTION
Extent xvi, 540 p. :
Other physical details ill. (chiefly col.), col. maps ;
Dimensions 28 cm.
500 ## - GENERAL NOTE
General note Rev ed. of: Introduction to geography / Arthur Getis, Judith Getis, Jerome D. Fellmann. 9th ed. c2004.
500 ## - GENERAL NOTE
General note One folded map tipped in.
504 ## - BIBLIOGRAPHY, ETC. NOTE
Bibliography, etc. note Includes bibliographical references and index.
650 #0 - SUBJECT ADDED ENTRY--TOPICAL TERM
Topical term or geographic name entry element Geography.
700 1# - ADDED ENTRY--PERSONAL NAME
Personal name Getis, Arthur,
Dates associated with a name 1934-
700 1# - ADDED ENTRY--PERSONAL NAME
Personal name Getis, Arthur,
Dates associated with a name 1934-
Title of a work Introduction to geography.
856 41 - ELECTRONIC LOCATION AND ACCESS
Uniform Resource Identifier http://www.loc.gov/catdir/toc/ecip0419/2004015009.html
906 ## - LOCAL DATA ELEMENT F, LDF (RLIN)
a 7
b cbc
c orignew
d 1
e ecip
f 20
g y-gencatlg
942 ## - ADDED ENTRY ELEMENTS (KOHA)
Source of classification or shelving scheme
Koha item type Book
Suppress in OPAC JO
Holdings
Withdrawn status Lost status Source of classification or shelving scheme Damaged status Not for loan Permanent Location Current Location Shelving location Date acquired Total Checkouts Full call number Barcode Date last seen Date last checked out Copy number Price effective from Koha item type Public note
          AU LIBRARY AU LIBRARY Open Shelf 02.06.2021 5 G128 .G495 2006 C1 28000814 06.11.2023 23.10.2023 1 02.06.2021 Book JO
          AU LIBRARY AU LIBRARY Open Shelf 11.06.2021 2 G128 .G495 2006 C2 28000078 22.11.2022 09.11.2022 2 11.06.2021 Book DO

Powered by Koha